| 000 | 00769cab a2200205 4500 | ||
|---|---|---|---|
| 001 | WB3423-51 | ||
| 008 | 090401t1998 xxu||||| |||| 00| 0 eng d | ||
| 035 | _a(Sirsi) u86831 | ||
| 041 | _aeng | ||
| 245 | _aThameslink expansion faces delay | ||
| 260 | _c1998 | ||
| 350 | _a0 | ||
| 490 |
_aTransport and communications _v14 June 1998, 8(2) |
||
| 520 | _aThe Thameslink 2000 rail project may be delayed for a further five years if the Channel Tunnel rail link is built in two phases. A new St Pancras station, centre to the Thameslink plan is not planned until the second phase of the Channel Tunnel rail link. | ||
| 650 | _aCHANNEL TUNNEL RAIL LINK | ||
| 650 | _aTHAMESLINK 2000 | ||
| 690 | _aTRANSPORT AND COMMUNICATIONS | ||
| 942 | _n0 | ||
| 948 | _c16/06/1998 | ||
| 999 |
_c54675 _d54675 |
||